Inside China's legal system / (Record no. 541009)
[ view plain ]
| 000 -LEADER | |
|---|---|
| fixed length control field | 00538nam a22001695i 4500 |
| 020 ## - INTERNATIONAL STANDARD BOOK NUMBER | |
| International Standard Book Number | 9780857094605 |
| 082 ## - DEWEY DECIMAL CLASSIFICATION NUMBER | |
| Classification number | 346.5102 |
| 100 1# - MAIN ENTRY--PERSONAL NAME | |
| Personal name | Wang, Chang. |
| 245 10 - TITLE STATEMENT | |
| Title | Inside China's legal system / |
| Statement of responsibility, etc. | Chang Wang, Nathan H. Madson. |
| 260 ## - PUBLICATION, DISTRIBUTION, ETC. | |
| Place of publication, distribution, etc. | UK |
| Name of publisher, distributor, etc. | Chandos publishing |
| Date of publication, distribution, etc. | 2013 |
| 300 ## - PHYSICAL DESCRIPTION | |
| Extent | 353pages |
| Other physical details | 24cm |
| 650 ## - SUBJECT ADDED ENTRY--TOPICAL TERM | |
| Topical term or geographic name entry element | NLS2024, NLSETEXTBOOKS, NLSEBOOKBANK |
| 856 ## - Uniform Resource Identifier | |
| Uniform Resource Identifier | <a href="http://10.250.8.41:8080/xmlui/handle/123456789/47847">http://10.250.8.41:8080/xmlui/handle/123456789/47847</a> |
| 942 ## - ADDED ENTRY ELEMENTS (KOHA) | |
| Source of classification or shelving scheme | |
| Koha item type | Book |
| 650 ## - SUBJECT ADDED ENTRY--TOPICAL TERM | |
| -- | 126870 |
| Withdrawn status | Lost status | Source of classification or shelving scheme | Damaged status | Not for loan | Permanent Location | Current Location | Shelving location | Date acquired | Full call number | Barcode | Date last seen | Price effective from | Koha item type |
|---|---|---|---|---|---|---|---|---|---|---|---|---|---|
| NUST Law School (NLS) | NUST Law School (NLS) | Chinese Studies | 11/16/2020 | 346.5102 WAN | CL-479 | 11/16/2020 | 11/16/2020 | Book |
